[Event "37th ECC Open 2022"]
[Site "Mayrhofen AUT"]
[Date "2022.10.03"]
[Round "1.8"]
[Board "2"]
[White "Mueller, Nick"]
[Black "Santos Latasa, Jaime"]
[Result "0-1"]
[WhiteTitle "FM"]
[BlackTitle "GM"]
[WhiteElo "2368"]
[BlackElo "2677"]
[WhiteTeam "SK König Tegel 1949"]
[BlackTeam "Silla - València Origin of Chess"]
[WhiteFideId "24692093"]
[BlackFideId "2293307"]
[EventDate "2022.10.03"]

1. d4 Nf6 2. c4 g6 3. Nc3 Bg7 4. e4 d6 5. f3 O-O 6. Nge2 c5 7. d5 e6 8. Ng3 exd5
9. cxd5 a6 10. a4 Nbd7 11. Be2 Rb8 12. O-O Ne8 13. Be3 Nc7 14. Qd2 b5 15. Bg5
Qe8 16. axb5 Nxb5 17. Nxb5 axb5 18. Ra7 Qe5 19. Kh1 c4 20. Rb1 Re8 21. Rc7 Qd4
22. Qc1 Qb6 23. Rc6 Qb7 24. Rxd6 Nc5 25. Bf6 Bxf6 26. Rxf6 Nd7 27. Rf4 Qb6 28.
Rh4 Qf6 29. Qh6 Qg7 30. Qe3 Bb7 31. Qc3 Ba6 32. f4 Qf6 33. Rh3 Qxc3 34. bxc3 Nf6
35. e5 Nxd5 36. Ne4 Bc8 37. Bxc4 Bxh3 38. Bxd5 Bf5 39. Nf6+ Kf8 40. Ra1 Re7 41.
Nxh7+ Kg7 42. Nf6 Rc7 43. h4 Rbc8 44. Ra5 Bd3 45. h5 gxh5 46. Nxh5+ Kf8 47. Nf6
Rxc3 48. f5 b4 49. e6 Ra3 50. Rxa3 bxa3 51. exf7 Bxf5 52. g4 Rd8 53. Bb3 Bg6 0-1

[Event "37th ECC Open 2022"]
[Site "Mayrhofen AUT"]
[Date "2022.10.03"]
[Round "1.8"]
[Board "3"]
[White "Idani, Pouya"]
[Black "Rietze, Clemens"]
[Result "1-0"]
[WhiteTitle "GM"]
[BlackTitle "FM"]
[WhiteElo "2623"]
[BlackElo "2299"]
[WhiteTeam "Silla - València Origin of Chess"]
[BlackTeam "SK König Tegel 1949"]
[WhiteFideId "12510130"]
[BlackFideId "24620351"]
[EventDate "2022.10.03"]

1. e4 c6 2. d4 d5 3. exd5 cxd5 4. Bd3 Nc6 5. c3 Qc7 6. h3 e6 7. Nf3 Bd6 8. O-O
Nge7 9. Re1 Bd7 10. Na3 a6 11. Nc2 O-O 12. b3 h6 13. c4 dxc4 14. bxc4 b5 15. c5
Bf4 16. Bxf4 Qxf4 17. Re4 Qc7 18. Qd2 Nd5 19. Ne3 Nce7 20. Nxd5 Nxd5 21. Rg4 f5
22. Qxh6 Rf7 23. Ne5 fxg4 24. Qh7+ Kf8 25. Ng6+ 1-0

[Event "37th ECC Open 2022"]
[Site "Mayrhofen AUT"]
[Date "2022.10.03"]
[Round "1.8"]
[Board "4"]
[White "Giemsa, Stephan"]
[Black "Alonso Rosell, Alvar"]
[Result "0-1"]
[WhiteTitle "FM"]
[BlackTitle "GM"]
[WhiteElo "2263"]
[BlackElo "2563"]
[WhiteTeam "SK König Tegel 1949"]
[BlackTeam "Silla - València Origin of Chess"]
[WhiteFideId "4606884"]
[BlackFideId "2270544"]
[EventDate "2022.10.03"]

1. d4 Nf6 2. c4 e6 3. g3 Bb4+ 4. Bd2 a5 5. Bg2 d6 6. e3 O-O 7. Ne2 e5 8. O-O
Bxd2 9. Qxd2 Nc6 10. Nbc3 exd4 11. exd4 Bf5 12. Nf4 a4 13. Nfd5 Nxd5 14. Nxd5
Qd7 15. Rfe1 Rfe8 16. Qf4 Bg6 17. h4 a3 18. bxa3 h6 19. Re3 Rxe3 20. Qxe3 Re8
21. Qf4 Nd8 22. Qd2 Ne6 23. Ne3 b6 24. Nd5 Qa4 25. Qc3 Kf8 26. Re1 Bf5 27. Kh2
Qa7 28. Ne3 Bg6 29. Bc6 Rb8 30. f4 Qa5 31. Qxa5 bxa5 32. f5 Nxd4 33. fxg6 Nxc6
34. Nd5 Ne5 35. Re2 c6 36. Nf4 Nxc4 37. gxf7 Kxf7 38. h5 Rb2 39. Rxb2 Nxb2 0-1

[Event "37th ECC Open 2022"]
[Site "Mayrhofen AUT"]
[Date "2022.10.03"]
[Round "1.8"]
[Board "5"]
[White "Forcen Esteban, Daniel"]
[Black "Acikel, Mert"]
[Result "1-0"]
[WhiteTitle "GM"]
[BlackTitle "CM"]
[WhiteElo "2566"]
[BlackElo "2197"]
[WhiteTeam "Silla - València Origin of Chess"]
[BlackTeam "SK König Tegel 1949"]
[WhiteFideId "2288230"]
[BlackFideId "12956465"]
[EventDate "2022.10.03"]

1. Nf3 d5 2. g3 Nf6 3. Bg2 e6 4. O-O Be7 5. d3 O-O 6. Nbd2 c5 7. e4 Nc6 8. Re1
b5 9. exd5 exd5 10. Nb3 Be6 11. Be3 d4 12. Bg5 Qb6 13. Ne5 Nxe5 14. Bxa8 Rxa8
15. Rxe5 Nd7 16. Rxe6 Qxe6 17. Qf3 Re8 18. Bd2 Ne5 19. Qe4 f5 20. Qg2 Rd8 21. f4
Ng4 22. Re1 Qd7 23. Na5 Rc8 24. h3 Ne3 25. Bxe3 dxe3 26. Rxe3 c4 27. Kh2 Bc5 28.
Re5 Bb6 29. Rd5 Qe8 30. Nb7 cxd3 31. Rxd3 Qe1 32. h4 Rxc2 33. Rd8+ Bxd8 34. Qxc2
Bf6 35. Qc8+ Kf7 36. Nd6+ 1-0

[Event "37th ECC Open 2022"]
[Site "Mayrhofen AUT"]
[Date "2022.10.03"]
[Round "1.8"]
[Board "6"]
[White "Dimitrijeski, Kristian"]
[Black "Bernadskiy, Vitaliy"]
[Result "0-1"]
[WhiteTitle "CM"]
[BlackTitle "GM"]
[WhiteElo "2154"]
[BlackElo "2570"]
[WhiteTeam "SK König Tegel 1949"]
[BlackTeam "Silla - València Origin of Chess"]
[WhiteFideId "4627229"]
[BlackFideId "14100371"]
[EventDate "2022.10.03"]

1. d4 e6 2. e4 d5 3. exd5 exd5 4. Nf3 Nc6 5. Bb5 Bd6 6. O-O Ne7 7. c4 dxc4 8.
Nc3 O-O 9. Bg5 h6 10. Bh4 Bg4 11. Bxc6 bxc6 12. h3 Be6 13. Ne5 Bxe5 14. dxe5
Qxd1 15. Raxd1 Nf5 16. Bg3 Rab8 17. Rd2 Nxg3 18. fxg3 Rfd8 19. Rfd1 Rxd2 20.
Rxd2 h5 21. Kf2 Kf8 22. Ke3 Ke7 23. Kf4 g6 24. a3 Bf5 25. Ne2 Bd3 26. Nc1 Ke6
27. Ne2 Bxe2 28. Rxe2 Rd8 29. Re4 Rd2 30. Rxc4 Kd5 31. Ra4 Rf2+ 32. Ke3 Rxg2 33.
Kf3 Rxb2 34. Rxa7 c5 35. Rxc7 c4 36. Rxf7 Kxe5 37. Re7+ Kd4 38. Rd7+ Kc3 39. Rd6
Rb3 40. Rxg6 Kb2+ 41. Kf4 c3 42. Rc6 c2 43. Rxc2+ Kxc2 44. a4 Ra3 45. Kg5 Rxg3+ 0-1

[Event "37th ECC Open 2022"]
[Site "Mayrhofen AUT"]
[Date "2022.10.03"]
[Round "1.9"]
[Board "1"]
[White "Roberson, Peter T"]
[Black "Mamedov, Rauf"]
[Result "0-1"]
[WhiteTitle "IM"]
[BlackTitle "GM"]
[WhiteElo "2421"]
[BlackElo "2646"]
[WhiteTeam "Sharks 4NCL"]
[BlackTeam "Vugar Gashimov"]
[WhiteFideId "412384"]
[BlackFideId "13401653"]
[EventDate "2022.10.03"]

1. e4 c6 2. d4 d5 3. e5 Bf5 4. Nd2 e6 5. Nb3 Nd7 6. Nf3 Ne7 7. Be2 h6 8. O-O Qc7
9. a4 g5 10. Bd2 a5 11. c3 Bg7 12. Ne1 c5 13. f4 c4 14. Nc1 Qb6 15. b3 gxf4 16.
bxc4 dxc4 17. Bxc4 Nxe5 18. Bb5+ N5c6 19. Bxf4 Nd5 20. Bxc6+ bxc6 21. Qd2 Nxc3
22. Nf3 Ne4 23. Qe3 Rd8 24. Ne2 Nf6 25. Qa3 Bf8 26. Qc1 Nd5 27. Be5 f6 28. Bg3
h5 29. Ra2 Bh6 30. Qa1 O-O 31. Rb2 Qa6 32. h3 Rd7 33. Re1 Rg7 34. Kh2 Kh7 35.
Neg1 Rfg8 36. Bd6 Qd3 37. Nh4 Ne3 38. Kh1 Be4 39. Ree2 Nc4 40. Bh2 Nxb2 41. Qxb2
Bd5 0-1

[Event "37th ECC Open 2022"]
[Site "Mayrhofen AUT"]
[Date "2022.10.03"]
[Round "1.9"]
[Board "2"]
[White "Asadli, Vugar"]
[Black "Makkar, Rajat"]
[Result "1-0"]
[WhiteTitle "GM"]
[BlackTitle "FM"]
[WhiteElo "2575"]
[BlackElo "2399"]
[WhiteTeam "Vugar Gashimov"]
[BlackTeam "Sharks 4NCL"]
[WhiteFideId "13405764"]
[BlackFideId "36016810"]
[EventDate "2022.10.03"]

1. e4 c5 2. Nc3 Nc6 3. Nf3 d6 4. d4 cxd4 5. Nxd4 Nf6 6. Bg5 e6 7. Bb5 Bd7 8. Qd3
Be7 9. O-O-O Nxd4 10. Bxd7+ Nxd7 11. Bxe7 Kxe7 12. Qxd4 Qb6 13. Qxg7 Rhg8 14.
Qh6 Qxf2 15. e5 Nxe5 16. g3 Ng4 17. Qh5 Qc5 18. Qh3 Nf2 19. Qg2 Rac8 20. Qxb7+
Rc7 21. Qf3 Nxh1 22. Rxh1 Rg5 23. Rd1 Re5 24. Kb1 Qe3 25. Qa8 Qf2 26. a4 Qxh2
27. Qb8 Rd7 28. Nb5 Rd5 29. Rc1 Rxb5 30. axb5 Qxg3 31. c4 h5 32. Ka2 h4 33. Rc3
Qf4 34. Qc8 Qd4 35. Rf3 f5 36. Rc3 Rd8 37. Qc7+ Rd7 38. Qc8 Qg7 39. Rh3 Qg4 40.
Ra3 Qg7 41. Qxd7+ 1-0

[Event "37th ECC Open 2022"]
[Site "Mayrhofen AUT"]
[Date "2022.10.03"]
[Round "1.9"]
[Board "3"]
[White "Moreby, James"]
[Black "Ahmadzada, Ahmad"]
[Result "1/2-1/2"]
[WhiteTitle "FM"]
[BlackTitle "IM"]
[WhiteElo "2346"]
[BlackElo "2488"]
[WhiteTeam "Sharks 4NCL"]
[BlackTeam "Vugar Gashimov"]
[WhiteFideId "427756"]
[BlackFideId "13413007"]
[EventDate "2022.10.03"]

1. c4 Nf6 2. Nc3 g6 3. e4 Bg7 4. d4 O-O 5. Be2 c5 6. Nf3 cxd4 7. Nxd4 d6 8. Be3
Nc6 9. O-O Bd7 10. f3 Nxd4 11. Bxd4 a5 12. c5 dxc5 13. Bxc5 Rc8 14. Be3 Be6 15.
Qa4 Nd7 16. Rfd1 Qc7 17. Rac1 Nc5 18. Qa3 b6 19. Na4 Qb7 20. Nxc5 bxc5 21. b3
Bd4 22. Bxd4 cxd4 23. Rxc8 Rxc8 24. Qxa5 Ra8 25. Qd2 Qa7 26. Qxd4 Qxa2 27. Bc4
Bxc4 28. bxc4 Qc2 29. Rd2 Qc1+ 30. Rd1 Qc2 31. Rd2 Qc1+ 1/2-1/2

[Event "37th ECC Open 2022"]
[Site "Mayrhofen AUT"]
[Date "2022.10.03"]
[Round "1.9"]
[Board "5"]
[White "Murphy, Hugh W"]
[Black "Babazada, Khazar"]
[Result "0-1"]
[BlackTitle "IM"]
[WhiteElo "2141"]
[BlackElo "2463"]
[WhiteTeam "Sharks 4NCL"]
[BlackTeam "Vugar Gashimov"]
[WhiteFideId "422444"]
[BlackFideId "13413554"]
[EventDate "2022.10.03"]

1. d4 Nf6 2. Nf3 d6 3. Bg5 Nbd7 4. Nbd2 e5 5. dxe5 dxe5 6. e4 Be7 7. Bc4 O-O 8.
O-O c6 9. a4 Qc7 10. Nh4 Nc5 11. Qf3 Nfxe4 12. Nxe4 Nxe4 13. Bh6 Nd6 14. Qg3 Bf6
15. Bd3 Qe7 16. Nf3 e4 17. Bd2 Nf5 18. Qf4 exd3 19. Rfe1 Be6 0-1

[Event "37th ECC Open 2022"]
[Site "Mayrhofen AUT"]
[Date "2022.10.03"]
[Round "1.9"]
[Board "6"]
[White "Allahverdiyev, Anar"]
[Black "Varnam, Liam D"]
[Result "1-0"]
[WhiteTitle "IM"]
[WhiteElo "2412"]
[BlackElo "2090"]
[WhiteTeam "Vugar Gashimov"]
[BlackTeam "Sharks 4NCL"]
[WhiteFideId "13400347"]
[BlackFideId "410950"]
[EventDate "2022.10.03"]

1. c4 e5 2. Nc3 Nf6 3. Nf3 Nc6 4. d3 d5 5. cxd5 Nxd5 6. e3 Be7 7. Be2 O-O 8. O-O
Be6 9. e4 Nb6 10. a4 a5 11. Be3 f6 12. Nb5 Bb4 13. Rc1 Qe7 14. d4 exd4 15. Nfxd4
Nxd4 16. Nxd4 Bf7 17. Nf5 Qxe4 18. Bd3 Qe8 19. Rxc7 Nd5 20. Qg4 g6 21. Rxb7 Kh8
22. Bh6 Rg8 23. Nd4 Be7 24. Bb5 Qc8 25. Qxc8 Raxc8 26. Nc6 Bf8 27. Bxf8 Rgxf8
28. Rd1 Bg8 29. h4 Nb4 30. Nxb4 axb4 31. a5 Rfd8 32. Rxd8 Rxd8 33. a6 Bd5 34.
Rd7 Rxd7 35. Bxd7 Bc4 36. a7 Bd5 37. Bg4 1-0

[Event "37th ECC Open 2022"]
[Site "Mayrhofen AUT"]
[Date "2022.10.03"]
[Round "1.10"]
[Board "1"]
[White "Rodshtein, Maxim"]
[Black "Saraci, Nderim"]
[Result "1/2-1/2"]
[WhiteTitle "GM"]
[BlackTitle "IM"]
[WhiteElo "2602"]
[BlackElo "2480"]
[WhiteTeam "Beer Sheva Chess Club"]
[BlackTeam "Drejtesia"]
[WhiteFideId "2806851"]
[BlackFideId "6351921"]
[EventDate "2022.10.03"]

1. d4 Nf6 2. c4 e6 3. g3 d5 4. Bg2 Be7 5. Nf3 O-O 6. O-O dxc4 7. Qc2 a6 8. a4
Bd7 9. Qxc4 Bc6 10. Bf4 Bd6 11. Qc1 Bxf4 12. Qxf4 Qd6 13. Nbd2 a5 14. Qe3 Nbd7
15. Rfc1 Bxf3 16. Nc4 Qb4 17. Qxf3 c6 18. Qa3 Rfd8 19. Qxb4 axb4 20. a5 Ra7 21.
Nd2 Nb8 22. Nb3 Na6 23. e3 Nd5 24. Bf1 Ndc7 25. Ra4 Kf8 26. e4 Raa8 27. Kg2 Ke7
28. h4 f6 29. h5 f5 30. exf5 exf5 31. Re1+ Kf6 32. Raa1 Ne6 33. Red1 Rd6 34.
Rac1 Nac7 35. Rc4 Na6 36. Rc2 Nac7 37. Rc4 Na6 38. Rc2 1/2-1/2

[Event "37th ECC Open 2022"]
[Site "Mayrhofen AUT"]
[Date "2022.10.03"]
[Round "1.10"]
[Board "2"]
[White "Ondozi, Murtez"]
[Black "Mikhalevski, Victor"]
[Result "0-1"]
[WhiteTitle "FM"]
[BlackTitle "GM"]
[WhiteElo "2402"]
[BlackElo "2523"]
[WhiteTeam "Drejtesia"]
[BlackTeam "Beer Sheva Chess Club"]
[WhiteFideId "937576"]
[BlackFideId "2801914"]
[EventDate "2022.10.03"]

1. d4 d5 2. c4 e6 3. Nc3 c5 4. e3 Nf6 5. Nf3 a6 6. dxc5 Bxc5 7. a3 O-O 8. b4 Bd6
9. Bb2 Nc6 10. c5 Bc7 11. Be2 e5 12. Na4 Bg4 13. h3 Bh5 14. O-O Qe7 15. Nh4 Bxe2
16. Qxe2 Rad8 17. Rad1 Rfe8 18. Rfe1 g6 19. Nf3 e4 20. Nd2 h5 21. Nf1 Be5 22.
Nb6 Qe6 23. Qc2 Qf5 24. Re2 Qg5 25. Kh1 Qh4 26. Red2 Bxb2 27. Qxb2 Ne5 28. Qc3
Nf3 29. Rc2 Ng4 30. Qb2 d4 31. exd4 e3 32. fxe3 Rxe3 33. gxf3 Rxf3 34. Nh2 Nf2+
35. Rxf2 Rxf2 36. Qb1 Qxh3 0-1

[Event "37th ECC Open 2022"]
[Site "Mayrhofen AUT"]
[Date "2022.10.03"]
[Round "1.10"]
[Board "3"]
[White "Roiz, Michael"]
[Black "Ermeni, Avni"]
[Result "1-0"]
[WhiteTitle "GM"]
[BlackTitle "FM"]
[WhiteElo "2579"]
[BlackElo "2148"]
[WhiteTeam "Beer Sheva Chess Club"]
[BlackTeam "Drejtesia"]
[WhiteFideId "2804158"]
[BlackFideId "912840"]
[EventDate "2022.10.03"]

1. c4 Nf6 2. g3 g6 3. Bg2 Bg7 4. d4 c5 5. Nf3 O-O 6. Nc3 Nc6 7. O-O d6 8. dxc5
dxc5 9. Bf4 Bf5 10. Ne5 Na5 11. Qa4 Qb6 12. e4 Be6 13. Nd5 Bxd5 14. cxd5 Qb4 15.
Qc2 Rfc8 16. Rac1 Qb5 17. Bh3 Nh5 18. Bd7 Qa6 19. Bxc8 Rxc8 20. b4 g5 21. Bxg5
Bxe5 22. bxa5 Qg6 23. Bxe7 Bd4 24. e5 Qg4 25. Qd1 Qg6 26. Qxd4 1-0

[Event "37th ECC Open 2022"]
[Site "Mayrhofen AUT"]
[Date "2022.10.03"]
[Round "1.10"]
[Board "4"]
[White "Fejzullahu, Afrim"]
[Black "Steinberg, Nitzan"]
[Result "1/2-1/2"]
[WhiteTitle "FM"]
[BlackTitle "GM"]
[WhiteElo "2244"]
[BlackElo "2545"]
[WhiteTeam "Drejtesia"]
[BlackTeam "Beer Sheva Chess Club"]
[WhiteFideId "905631"]
[BlackFideId "2801795"]
[EventDate "2022.10.03"]

1. d4 d5 2. c4 e6 3. Nf3 Nf6 4. Nc3 Bb4 5. e3 c5 6. Bd2 O-O 7. dxc5 Bxc5 8. Rc1
Nc6 9. cxd5 exd5 10. Be2 a6 11. O-O Ba7 12. a3 Qd6 13. b4 Bg4 14. b5 Bb8 15.
bxc6 Bxf3 16. g3 Bxe2 17. Nxe2 Qc7 18. Bc3 Ne4 19. Qxd5 Qxc6 20. Qxc6 bxc6 21.
f3 Nxc3 22. Rxc3 Ba7 23. Nd4 Rfe8 24. Kf2 Rab8 25. Rfc1 Rb2+ 26. R1c2 Rxc2+ 27.
Rxc2 c5 28. Nc6 Bb6 29. Rb2 Bc7 30. Rb7 Bd6 31. Na5 Re6 32. Nc4 Bf8 33. Rb6 Rxb6
34. Nxb6 f5 35. Ke2 Kf7 36. Kd3 Ke6 37. Kc4 Kd6 38. Na4 Kc6 39. Nc3 Bd6 40. Nd5
Bf8 41. Nf4 g6 42. Nd3 Bd6 43. e4 fxe4 44. fxe4 Be7 45. a4 Bd6 46. e5 Bf8 47.
Nf4 Bg7 48. Nd3 Bf8 49. h3 Be7 50. Nf4 Bf8 51. Ne6 Be7 52. g4 h5 53. gxh5 gxh5
54. Ng7 Bd8 55. Nxh5 Bc7 56. e6 Be5 57. e7 Kd7 58. Kxc5 Kxe7 59. Kd5 Bh2 60. h4
Kf7 61. Ke4 Kg6 62. Nf4+ Kh6 63. Kf5 a5 64. Kg4 Bxf4 65. Kxf4 Kh5 66. Kg3 Kh6
67. Kg4 Kg6 68. h5+ Kh6 69. Kh4 Kh7 70. Kg5 Kg7 71. h6+ Kh7 72. Kh5 Kh8 73. Kg4
Kh7 74. Kg5 Kh8 75. Kf5 Kh7 76. Ke5 Kxh6 77. Kd5 Kg7 78. Kc5 Kf8 79. Kb5 Ke8 80.
Kxa5 Kd8 1/2-1/2

[Event "37th ECC Open 2022"]
[Site "Mayrhofen AUT"]
[Date "2022.10.03"]
[Round "1.10"]
[Board "5"]
[White "Huzman, Alexander"]
[Black "Zymberi, Astrit"]
[Result "1/2-1/2"]
[WhiteTitle "GM"]
[WhiteElo "2535"]
[BlackElo "2052"]
[WhiteTeam "Beer Sheva Chess Club"]
[BlackTeam "Drejtesia"]
[WhiteFideId "2803828"]
[BlackFideId "4700295"]
[EventDate "2022.10.03"]

1. Nf3 Nf6 2. c4 g6 3. Nc3 Bg7 4. e4 d6 5. d4 O-O 6. Be2 e5 7. Be3 Ng4 8. Bg5 f6
9. Bh4 Nc6 10. d5 Ne7 11. Nd2 Nh6 12. f3 g5 13. Bf2 f5 14. c5 Ng6 15. g3 g4 16.
fxg4 Nxg4 17. Bxg4 fxg4 18. Qe2 Bd7 19. b4 Bh6 20. Be3 Bxe3 21. Qxe3 a5 22. b5
dxc5 23. Qxc5 b6 24. Qe3 Qe7 25. a3 Kg7 26. Rf1 h5 27. Rxf8 Rxf8 28. Ke2 h4 29.
a4 hxg3 30. hxg3 Rh8 31. Rf1 Rh3 32. Kd3 Nf4+ 33. Kc2 Nh5 34. Rg1 Kg6 35. Nc4
Rh2+ 36. Kd3 Rh3 37. Qf2 Nf4+ 38. Kc2 Nh5 39. Qe3 Rh2+ 40. Kd3 Rh3 1/2-1/2

[Event "37th ECC Open 2022"]
[Site "Mayrhofen AUT"]
[Date "2022.10.03"]
[Round "1.10"]
[Board "6"]
[White "Budima, Armend"]
[Black "Kobo, Ori"]
[Result "0-1"]
[WhiteTitle "CM"]
[BlackTitle "GM"]
[WhiteElo "2153"]
[BlackElo "2544"]
[WhiteTeam "Drejtesia"]
[BlackTeam "Beer Sheva Chess Club"]
[WhiteFideId "3612236"]
[BlackFideId "2812320"]
[EventDate "2022.10.03"]

1. e4 c5 2. Nc3 Nc6 3. f4 e6 4. Nf3 d5 5. Bb5 Ne7 6. Qe2 d4 7. Nb1 a6 8. Bxc6+
Nxc6 9. d3 Be7 10. O-O b5 11. a3 O-O 12. e5 f5 13. exf6 Rxf6 14. Ng5 Qd5 15. Qe4
g6 16. Nd2 Bd7 17. Qf3 Qxf3 18. Ndxf3 a5 19. Ne4 Rff8 20. Bd2 a4 21. Rae1 h6 22.
Ne5 Nxe5 23. fxe5 Kg7 24. Nf6 Bc6 25. h4 c4 26. Ng4 g5 27. hxg5 hxg5 28. Rf6
Bxf6 29. exf6+ Rxf6 30. Nxf6 Kxf6 31. Rf1+ Kg6 32. Re1 Bd5 33. Bb4 Rc8 34. Re2
Rc6 35. Kf2 Kf5 36. Kg3 cxd3 37. cxd3 Rc1 38. Rf2+ Kg6 39. Rd2 Re1 40. Kf2 Re3
41. Bd6 Kf5 42. Bf8 e5 43. Be7 Ba2 44. Rd1 g4 45. Bh4 Kf4 46. g3+ Kf5 47. Kg1
Ke6 48. Kf2 Kd6 49. Rd2 Bb1 50. Bg5 Rf3+ 51. Kg2 Bxd3 52. Rf2 Rxf2+ 53. Kxf2 Kd5
54. Bf6 e4 55. Bg5 e3+ 0-1

[Event "37th ECC Open 2022"]
[Site "Mayrhofen AUT"]
[Date "2022.10.03"]
[Round "1.11"]
[Board "1"]
[White "Feller, Sebastien"]
[Black "Pechac, Jergus"]
[Result "1/2-1/2"]
[WhiteTitle "GM"]
[BlackTitle "GM"]
[WhiteElo "2542"]
[BlackElo "2633"]
[WhiteTeam "CE Le Cavalier Differdange"]
[BlackTeam "Sentimento Ajka BSK"]
[WhiteFideId "634654"]
[BlackFideId "14926970"]
[EventDate "2022.10.03"]

1. e4 c5 2. Nf3 d6 3. Nc3 Nf6 4. d4 cxd4 5. Nxd4 a6 6. Be3 Ng4 7. Bc1 Nf6 8. Be3
Ng4 9. Bc1 Nf6 10. Be3 Ng4 1/2-1/2

[Event "37th ECC Open 2022"]
[Site "Mayrhofen AUT"]
[Date "2022.10.03"]
[Round "1.11"]
[Board "2"]
[White "Michalik, Peter"]
[Black "Bruch, Jochen"]
[Result "1-0"]
[WhiteTitle "GM"]
[BlackTitle "FM"]
[WhiteElo "2558"]
[BlackElo "2176"]
[WhiteTeam "Sentimento Ajka BSK"]
[BlackTeam "CE Le Cavalier Differdange"]
[WhiteFideId "14907526"]
[BlackFideId "4615573"]
[EventDate "2022.10.03"]

1. d4 Nf6 2. c4 c5 3. d5 e6 4. Nc3 exd5 5. cxd5 d6 6. e4 g6 7. f4 Bg7 8. Bb5+
Nfd7 9. Be2 O-O 10. Nf3 a6 11. a4 Re8 12. O-O Nf6 13. e5 Nfd7 14. e6 fxe6 15.
dxe6 Nf6 16. f5 gxf5 17. Ng5 Nc6 18. Bc4 Qe7 19. Bf4 Nd4 20. Bxd6 Qxd6 21. e7+
Be6 22. Bxe6+ Qxe6 23. Nxe6 Nxe6 24. Qd6 Kf7 25. Rxf5 Rxe7 26. Nd5 1-0

[Event "37th ECC Open 2022"]
[Site "Mayrhofen AUT"]
[Date "2022.10.03"]
[Round "1.11"]
[Board "3"]
[White "Gengler, Pierre"]
[Black "Prohaszka, Peter2"]
[Result "0-1"]
[BlackTitle "GM"]
[WhiteElo "2151"]
[BlackElo "2570"]
[WhiteTeam "CE Le Cavalier Differdange"]
[BlackTeam "Sentimento Ajka BSK"]
[WhiteFideId "4000714"]
[BlackFideId "726265"]
[EventDate "2022.10.03"]

1. g3 d5 2. Bg2 e5 3. d3 Bd6 4. Nd2 Nf6 5. e4 c6 6. Ngf3 O-O 7. O-O Re8 8. Re1
Nbd7 9. Nf1 a5 10. Bg5 h6 11. Bd2 dxe4 12. dxe4 Nc5 13. Nh4 Bf8 14. a3 Bg4 15.
Bf3 Bh3 16. Bg2 Bxg2 17. Kxg2 Ncxe4 18. Nf3 Nxd2 19. N3xd2 Qd5+ 20. Nf3 e4 21.
Qxd5 Nxd5 22. N3d2 f5 23. g4 Nf4+ 24. Kh1 fxg4 25. Nxe4 Re5 26. Neg3 Rae8 27.
Rxe5 Rxe5 28. Rd1 Bc5 29. Rd8+ Kh7 30. Rd7 Bxf2 31. Rf7 Bxg3 32. hxg3 Nh3 33. b4
axb4 34. axb4 b5 35. Nh2 h5 36. Rf1 Re2 37. Rc1 Nf2+ 38. Kg1 Ne4 39. Nf1 Ng5 40.
Nh2 Nf3+ 41. Nxf3 gxf3 42. c4 f2+ 0-1

[Event "37th ECC Open 2022"]
[Site "Mayrhofen AUT"]
[Date "2022.10.03"]
[Round "1.11"]
[Board "4"]
[White "Czebe, Attila"]
[Black "Cahen, Alexis"]
[Result "1-0"]
[WhiteTitle "GM"]
[WhiteElo "2366"]
[BlackElo "2095"]
[WhiteTeam "Sentimento Ajka BSK"]
[BlackTeam "CE Le Cavalier Differdange"]
[WhiteFideId "705268"]
[BlackFideId "26076918"]
[EventDate "2022.10.03"]

1. e4 c5 2. Nf3 d6 3. d4 cxd4 4. Nxd4 Nf6 5. f3 g6 6. c4 Nc6 7. Be3 Bg7 8. Qd2
O-O 9. Be2 Ne8 10. Nc3 Nc7 11. O-O Ne6 12. Nxe6 Bxe6 13. Rfd1 Qa5 14. Rab1 Rfc8
15. b4 Qe5 16. Nd5 Bxd5 17. exd5 Nb8 18. Rb3 Qf5 19. Bd3 Qd7 20. Bf1 b6 21. Re1
Re8 22. Bd4 e5 23. dxe6 Bxd4+ 24. Qxd4 Rxe6 25. Rxe6 fxe6 26. Qe4 d5 27. Qg4 d4
28. Qe4 Qc6 29. Bd3 a5 30. Qxd4 Qd7 31. Qxb6 axb4 32. Bf1 Nc6 33. Rd3 Qc8 34.
Rd6 Ra6 35. Qe3 Nd8 36. Rd2 Qa8 37. Qf2 Nc6 38. c5 Ra5 39. Bc4 Qf8 40. Bxe6+ Kh8
41. Rd6 Qf6 42. Rxc6 Qa1+ 43. Qf1 Qd4+ 44. Kh1 Ra3 45. Bb3 Ra8 46. Rd6 Qc3 47.
Rd1 Re8 48. Rc1 Qd2 49. c6 Kg7 50. c7 Qd7 51. Rc4 Qd3 52. Qa1+ 1-0

[Event "37th ECC Open 2022"]
[Site "Mayrhofen AUT"]
[Date "2022.10.03"]
[Round "1.11"]
[Board "5"]
[White "Barthel, Ansgar"]
[Black "Korpa, Bence"]
[Result "0-1"]
[BlackTitle "GM"]
[WhiteElo "2076"]
[BlackElo "2496"]
[WhiteTeam "CE Le Cavalier Differdange"]
[BlackTeam "Sentimento Ajka BSK"]
[WhiteFideId "4643461"]
[BlackFideId "706671"]
[EventDate "2022.10.03"]

1. e4 Nc6 2. Nf3 d6 3. d4 Nf6 4. Nc3 Bg4 5. d5 Nb8 6. h3 Bxf3 7. Qxf3 g6 8. Bb5+
Nbd7 9. O-O Bg7 10. Re1 O-O 11. Bg5 h6 12. Bh4 c6 13. Bf1 Qb6 14. Rab1 Rfe8 15.
Qe3 Nh5 16. g4 Qxe3 17. Rxe3 Nf4 18. Bg3 Be5 19. Ne2 g5 20. Bxf4 gxf4 21. Rf3
Nf6 22. dxc6 bxc6 23. Nxf4 Nxe4 24. Re3 Nd2 25. Rd1 Bxf4 26. Rxd2 Bxe3 27. fxe3
Rab8 28. b3 d5 29. e4 e6 30. exd5 cxd5 31. c4 dxc4 32. Bxc4 Red8 33. Re2 Rd1+
34. Kg2 Rbd8 35. Kf3 R8d2 36. Rxd2 Rxd2 37. a4 Rd4 38. h4 Kg7 39. a5 e5 40. Kg3
f6 41. Kf3 h5 0-1

[Event "37th ECC Open 2022"]
[Site "Mayrhofen AUT"]
[Date "2022.10.03"]
[Round "1.11"]
[Board "6"]
[White "Kaczur, Florian"]
[Black "Favier, Alain"]
[Result "1-0"]
[WhiteTitle "IM"]
[WhiteElo "2483"]
[BlackElo "1985"]
[WhiteTeam "Sentimento Ajka BSK"]
[BlackTeam "CE Le Cavalier Differdange"]
[WhiteFideId "705098"]
[BlackFideId "20670532"]
[EventDate "2022.10.03"]

1. c4 e5 2. Nc3 Nf6 3. Nf3 Nc6 4. e3 Be7 5. a3 a5 6. d4 exd4 7. exd4 d5 8. c5
O-O 9. Bb5 Bg4 10. Be3 Nb8 11. h3 Bf5 12. g4 Be6 13. Qc2 Nbd7 14. Ng5 Re8 15.
Nxe6 fxe6 16. f4 c6 17. Be2 Nf8 18. g5 N6d7 19. O-O b6 20. b4 axb4 21. axb4 bxc5
22. bxc5 Qc7 23. h4 Rxa1 24. Rxa1 Ng6 25. Bh5 Ndf8 26. Qf2 Bd8 27. Ne2 Qf7 28.
Bg4 Qb7 29. Nc1 Ne7 30. Qd2 Nf5 31. Bf2 Bc7 32. Nd3 Ra8 33. Rxa8 Qxa8 34. h5
Qa1+ 35. Kg2 Nxd4 36. Nb4 e5 37. Nxc6 Qa8 38. Nxd4 exd4 39. Qxd4 1-0